01761nab a2200253 i 4500003000900000005001700009008004100026040001800067072000800085100003200093100002900125100002600154245006100180500006600241520086900307650001201176650001001188650001401198650001401212773017601226856007801402942000801480999001901488BR-BrBNA20250815094432.0250815b2020 bl.ar|pooa||| 00| 0 eng | aBR-BrBNAbeng aF70 aSilva, Cristiano Santana da aPereira, Maryana Borges  aPereira, Jadergudson  aNew accounts on Hypoxylaceae and Xylariaceae from Brazil aPublicação on-line; 32 ref.; 2 illus.; Summaries (En, Pt) a Abstract This work aims to bring new reports of Hypoxylaceae and Xylariaceae from Brazil. The collections were performed in cocoa plantations in Ilhéus, Bahia, Brazil. Six new occurrences of Hypoxylaceae and two Xylariaceae species are reported to Brazil, Northeast and/or Bahia. A dichotomous key to the species treated is provided. Key words: Ascomycota, Cocoa plantations, Hypoxylaceae, Xylariaceae. Resumo O objetivo deste trabalho é trazer novos relatos de Hypoxylaceae e Xylariaceae para o Brasil. As coletas foram realizadas em plantações de cacau em Ilhéus, Bahia, Brasil. Seis novas ocorrências de Hypoxylaceae e duas de Xylariaceae são reportadas para o Brasil, Nordeste e/ou Bahia. Uma chave dicotômica das espécies tratadas é disponibilizada. Palavras-chave: Ascomycota, plantações de Cacau, Hypoxylaceae, Xylariaceae. aPLANTIO aCACAU aTAXONOMIA aESPÉCIE0 07099353216dRio de Janeiro-RJ Jardim Botanico do Rio de Janeiro 1935o2025-4473tRodriguésia (Brazil)x0370-6583; 2175-7860 on-linegv. 71 p. 1-10; (2020)wBR2025001686 uhttps://www.scielo.br/j/rod/a/ywtdK8hMcF7X5TWWtfTSYXC/?format=pdf&lang=en cANA c337635d337635